| 000 | 00831nac a22002651i 4500 | ||
|---|---|---|---|
| 003 | EG-ScBUE | ||
| 005 | 20240404115205.0 | ||
| 008 | 240404s2000 n f b 001 0 eng d | ||
| 020 | _a0333792009 | ||
| 020 | _a9780333792001 | ||
| 040 |
_aEG-ScBUE _beng _erda _cEG-ScBUE _dEG-ScBUE |
||
| 043 | _aa------ | ||
| 082 | 0 | 4 |
_a950 _bMAS _222 |
| 100 | 1 |
_aMason, Colin, _d1926- _eauthor. |
|
| 245 | 1 | 2 |
_aA short history of Asia : _bstone age to 2000 AD / _cColin Mason. |
| 264 | 1 |
_aNew York : _bSt. Martin's Press, _c2000. |
|
| 300 |
_aviii, 316 pages ; _c23 cm |
||
| 336 |
_2rdacontent _atext _btxt |
||
| 337 |
_aunmediated _2rdamedia _bn |
||
| 338 |
_avolume _bnc _2rdacarrier |
||
| 504 | _aIncludes bibliographical references and index. | ||
| 651 | 7 |
_2BUEsh _aAsia _xHistory. |
|
| 655 | _vReading book | ||
| 942 |
_cBB _2ddc |
||
| 999 |
_c8374 _d8374 |
||